World Capitals Ending in -O - Statistics

General Stats
  • This quiz has been taken 258 times
  • The average score is 13 of 18
Answer Stats
Answer % Correct
Tokyo
92%
Oslo
90%
Quito
82%
Santiago
82%
Bamako
81%
Cairo
81%
Montevideo
77%
Santo Domingo
77%
Monaco
75%
Porto-Novo
75%
Antananarivo
73%
Paramaribo
73%
San Marino
70%
Malabo
69%
Sarajevo
69%
Maputo
68%
Majuro
62%
Yamoussoukro
45%
No matching quizzes found
Score Distribution
Percent of People with Each Score
Percentile by Number Answered
Your Score History
You have not taken this quiz